Choose a Valid 1960s Top 200 Girl Name - Statistics

General Stats
  • This quiz has been taken 34 times
  • The average score is 17 of 20
Answer Stats
Hint Answer % Correct
A Alice | Alicia | Amanda | Amy | Andrea | Angela | Anita | Ann | Anna | Anne | Annette | April | Audrey
100%
B Barbara | Becky | Belinda | Beth | Betty | Beverly | Bonnie | Brenda
97%
C Carla | Carmen | Carol | Carolyn | Carrie | Catherine | Cathy | Charlene | Charlotte | Cheryl | Christina | Christine | Cindy | Colleen | Connie | Crystal | Cynthia
93%
M Marcia | Margaret | Maria | Marie | Marilyn | Martha | Mary | Maureen | Melanie | Melinda | Melissa | Melody | Michele | Michelle | Monica
93%
S Sally | Sandra | Sandy | Sara | Sarah | Shannon | Shari | Sharon | Sheila | Shelia | Shelley | Shelly | Sheri| Sherri | Sherry | Sheryl | Shirley | Sonya | Stacey | Stacy | Stephanie | Sue | Susan | Suzanne | Sylvia
93%
T Tamara | Tami | Tammie | Tammy | Tanya | Teresa | Terri | Terry | Theresa | Tina | Toni | Tonya | Tracey | Traci | Tracy
93%
J Jackie | Jacqueline | Jamie | Jane | Janet | Janice | Jean | Jeanette | Jeanne | Jennifer | Jill | Jo | Joan |Joann | Joanne | Jodi | Jody | Joy | Joyce | Judith | Judy | Julia | Julie
90%
K Karen | Karla | Katherine | Kathleen | Kathryn | Kathy | Kelly | Kim | Kimberly | Kristen | Kristin | Kristine
90%
L Laura | Laurie | Leslie | Linda | Lisa | Loretta | Lori | Lorraine | Lynn
90%
P Pam | Pamela | Patricia | Patty | Paula | Peggy | Penny | Phyllis
90%
R Rachel | Rebecca | Regina | Renee | Rhonda | Rita | Roberta | Robin | Rose | Ruth
90%
V Valerie | Vanessa | Veronica | Vicki | Vickie | Victoria | Virginia
90%
D Dana | Darlene | Dawn | Deanna | Debbie | Deborah | Debra | Denise | Diana | Diane | Donna | Doris | Dorothy
86%
N Nancy | Natalie | Nicole | Norma
83%
E Eileen | Elaine | Elizabeth | Ellen | Evelyn
79%
H Heather | Heidi | Helen | Holly
72%
W Wanda | Wendy
72%
Y Yolanda | Yvette | Yvonne
72%
F Felicia | Frances
69%
G Gail | Gina | Glenda | Gloria | Gwendolyn
66%
No matching quizzes found
Score Distribution
Percent of People with Each Score
Percentile by Number Answered
Your Score History
You have not taken this quiz